Nech už mám dvanásť! /
Kika má jedenásť a všetko ide ako po masle… Alebo žeby NIE?! Doteraz sa jej vyhýbali všetky KATASTROFY, lenže keď sa objaví ten PAPAGÁJ a Bobino začne TANCOVAŤ, Kikin svet urobí poriadny KOTRMELEC. Kto sú tie záhadné ôsmačky v MASKÁCH a kde Kika stratila HLAVU? Pomôž jej ju pohľadať v tretej časti t...
Uloženo v:
| Hlavní autor: | |
|---|---|
| Médium: | E-kniha |
| Jazyk: | Czech |
| Vydáno: |
Praha :
Albatros Media Slovakia s.r.o.,
2025
|
| Tagy: |
Žádné tagy |
| LEADER | 01514nam a22002297i 4500 | ||
|---|---|---|---|
| 001 | 302691 | ||
| 007 | ta | ||
| 008 | 260514s2025 xr ||||| |||| 00| 0 cze d | ||
| 020 | |a 9788056647172 | ||
| 044 | |a xr | ||
| 100 | 1 | |a Štelbaská, Zuzana |4 aut | |
| 245 | 1 | 0 | |a Nech už mám dvanásť! / |c Štelbaská, Zuzana |
| 264 | 1 | |a Praha : |b Albatros Media Slovakia s.r.o., |c 2025 | |
| 300 | |a 1 online zdroj (216 stran) | ||
| 336 | |a text |b txt |2 rdacontent | ||
| 337 | |a bez média |b n |2 rdamedia | ||
| 338 | |a online zdroj |b cr |2 rdacarrier | ||
| 520 | 2 | |a Kika má jedenásť a všetko ide ako po masle… Alebo žeby NIE?! Doteraz sa jej vyhýbali všetky KATASTROFY, lenže keď sa objaví ten PAPAGÁJ a Bobino začne TANCOVAŤ, Kikin svet urobí poriadny KOTRMELEC. Kto sú tie záhadné ôsmačky v MASKÁCH a kde Kika stratila HLAVU? Pomôž jej ju pohľadať v tretej časti tohto bláznivého denníka! Kika je ako ty, obyčajné dievča z obyčajnej školy, ktoré miluje zvieratá, má super veľkého a otravného malého brata a hlavne tie najlepšie kamošky na svete. | |
| 910 | |a RBIT002 | ||
| 998 | |d 426948 |a https://core.palmknihy.cz/api/books/426948/cover?tesghy |b https://core.palmknihy.cz/api/books/426948/cover/400?tesghy |c https://core.palmknihy.cz/api/books/426948/cover/50?tesghy |e 2036-02-11 |g 216 |i 9788056647172 |j https://core.palmknihy.cz/api/books/426948/preview.epub |k https://core.palmknihy.cz/api/books/426948/preview.pdf |l |q 49 |r 1 |s https://www.palmknihy.cz/kniha/426948 |t ebook |y 2025 |z 1 | ||
| 999 | |d 302689 | ||